<?xml version="1.0" encoding="UTF-8"?><?xml-stylesheet type="text/xsl" href="static/style.xsl"?><OAI-PMH xmlns="http://www.openarchives.org/OAI/2.0/" xmlns:xsi="http://www.w3.org/2001/XMLSchema-instance" xsi:schemaLocation="http://www.openarchives.org/OAI/2.0/ http://www.openarchives.org/OAI/2.0/OAI-PMH.xsd"><responseDate>2026-06-01T13:37:57Z</responseDate><request verb="GetRecord" identifier="oai:riuma.uma.es:10630/15518" metadataPrefix="marc">https://riuma.uma.es/rest/oai/request</request><GetRecord><record><header><identifier>oai:riuma.uma.es:10630/15518</identifier><datestamp>2026-02-03T12:31:25Z</datestamp><setSpec>com_10630_2254</setSpec><setSpec>col_10630_37959</setSpec></header><metadata><record xmlns="http://www.loc.gov/MARC21/slim" xmlns:dcterms="http://purl.org/dc/terms/" xmlns:doc="http://www.lyncode.com/xoai" xmlns:xsi="http://www.w3.org/2001/XMLSchema-instance" xsi:schemaLocation="http://www.loc.gov/MARC21/slim http://www.loc.gov/standards/marcxml/schema/MARC21slim.xsd">
   <leader>00925njm 22002777a 4500</leader>
   <datafield ind2=" " ind1=" " tag="042">
      <subfield code="a">dc</subfield>
   </datafield>
   <datafield ind2=" " ind1=" " tag="720">
      <subfield code="a">Mínguez, José</subfield>
      <subfield code="e">author</subfield>
   </datafield>
   <datafield ind2=" " ind1=" " tag="260">
      <subfield code="c">2018-04-09</subfield>
   </datafield>
   <datafield ind2=" " ind1=" " tag="520">
      <subfield code="a">Todas las empresas de un modo u otro innovan, ya que su competitividad y continuidad dependen de ello. No obstante, pocas empresas son conscientes de lo que hacen: estudios recientes del Instituto Nacional de Estadística han desvelado que sólo aproximadamente un tercio de las empresas declaran ser innovadoras de una manera consciente, esto quiere decir que existe un gran porcentaje de empresas que podrían estar haciendo uso de la llamada innovación oculta.&#xd;
&#xd;
La innovación está presente en nuestro día a día. Las empresas hacen referencia a su capacidad de innovación, a sus productos innovadores... En la publicidad es cada vez más frecuente que se ponga de relieve la innovación que reside en los productos que anuncia, siendo también habitual encontrar referencias a la innovación en los servicios públicos.</subfield>
   </datafield>
   <datafield ind1="8" ind2=" " tag="024">
      <subfield code="a">https://hdl.handle.net/10630/15518</subfield>
   </datafield>
   <datafield tag="653" ind2=" " ind1=" ">
      <subfield code="a">Innovaciones tecnológicas - Conferencias</subfield>
   </datafield>
   <datafield ind2="0" ind1="0" tag="245">
      <subfield code="a">La Innovación: desde la idea hasta el éxito</subfield>
   </datafield>
</record>
</metadata></record></GetRecord></OAI-PMH>